|
|
|
|
| LEADER |
00000cam a2200000 7i4500 |
| 001 |
0000001035 |
| 005 |
20011023.0 |
| 020 |
0 |
0 |
|a 979831266
|
| 090 |
0 |
0 |
|a R580
|b PLA 1996
|
| 245 |
0 |
0 |
|a PLANT resources of South-East Asia :
|b Bibliography 7 : Bamboos
|c editors, N. Wulijarni-Soetjipto and Sarkat Danimihardja
|
| 250 |
0 |
0 |
|a 1st ed.
|
| 260 |
0 |
0 |
|a Bogor, Indonesia :
|b PROSEA ,
|c 1996
|
| 300 |
|
|
|a 87 p. ;
|c 26 cm.
|
| 650 |
0 |
0 |
|a Bamboo
|x Bibliography
|
| 700 |
0 |
1 |
|a Danimihardja
|h Sarkat
|
| 700 |
0 |
1 |
|a Wulijarni-Soetjipto
|h N.
|
| 998 |
|
|
|a JPSM
|
| 999 |
|
|
|a 0000002548
|b Monograph
|c Reference
|e Default branch
|
| 999 |
|
|
|a 0000005971
|b Monograph
|c Reference
|e Default branch
|